000
00317nam a2200121Ia 4500
008
190216s9999||||xx |||||||||||||| ||und||
100
_a
Tripathy S N &sunakar Panda
245
0
_a
Fundamentals Of Environmental Studies
260
_b
Vrinda Pub
_c
2001
300
_a
251p
650
_a
Chemistry-Chemistry
942
_c
BK
999
_c
3196
_d
3196